000 00614nam a2200205Ia 4500
005 20250508151752.0
008 008 250505s9999 xx 000 0 eng d
037 _aTextual
040 _aFEDL
_beng
_cFEDL
041 _aeng
_2eng
084 _a300.7, HUN
_qFEDL
100 _aHunt Maurice P.
_984384
245 0 _aTeaching high school social studies
260 _aNew York, USA
_bHarper and Brothers Publishers
_c1955
300 _axiii,471p.
650 _aSocial Science-Teaching
_9756472
700 _a Metcalf Lawrence E.
_9759939
942 _cTEXL
_h300.7, HUN
999 _c1332040
_d1332040